Văn học Việt Nam

Gardado en:
Detalles Bibliográficos
Autor Principal: Đinh Gia Khánh
Formato: Libro
Các nhãn: Engadir etiqueta
Sen Etiquetas, Sexa o primeiro en etiquetar este rexistro!
Thư viện lưu trữ: Mạng thư viện Đại học Đà Nẵng
LEADER 00516nam a2200205 4500
001 000003963
003 91
005 20150812140852.0
008 110713s sd
100 0 |a Đinh Gia Khánh 
245 0 0 |a Văn học Việt Nam  |c Đinh Gia Khánh 
774 |a Đinh Gia Khánh  |w 92 
OWN |a LSP 
999 |a From the UDN01 
TYP |a Monograph 
TYP |a Printed language 
980 |a Mạng thư viện Đại học Đà Nẵng